000 00361nam a22001337a 4500
999 _c17408
_d17408
008 190201b xxu||||| |||| 00| 0 eng d
020 _a9382823339
050 _aKNS516
_b.T33 2016 c.1
100 _aTabasum, Samiya
245 _aWomen and Law
_cSamiya Tabasum
260 _aNew Delhi
_bSatyam Law International
_c2016
300 _axx, 606p.
942 _2lcc
_cBK